[Event "25th Southern California Championship"]
[Site "Monterey Park, CA"]
[Date "2013.06.23"]
[Round "6"]
[White "Landaw, Julian W"]
[Black "Bryant, John Daniel"]
[Result "1/2-1/2"]
[WhiteElo "2370"]
[BlackElo "2552"]
[PlyCount "96"]
[EventDate "2013.06.??"]
[EventType "tourn"]
[EventRounds "7"]
[EventCountry "USA"]
[EventCategory "7"]

1. e4 d5 2. exd5 Qxd5 3. Nc3 Qd6 4. d4 Nf6 5. Nf3 g6 6. Bc4 Bg7 7. O-O O-O 8.
Nb5 Qd8 9. Bf4 c6 10. Bc7 Qd7 11. Ne5 Qe8 12. Nc3 b5 13. Bd3 b4 14. Na4 Nd5 15.
Ba5 Nd7 16. Re1 Nxe5 17. dxe5 Bf5 18. Nc5 Bxd3 19. Nxd3 Rb8 20. a3 bxa3 21.
Rxa3 Qc8 22. Qf3 Nc7 23. Rc3 Nd5 24. Rc5 Qa6 25. c4 Rb3 26. Qd1 Rxd3 27. Qxd3
Nf4 28. Qe3 Ne6 29. Rd1 Qb7 30. Bc3 Qb3 31. Rd2 Bh6 32. Qxh6 Nxc5 33. e6 Nxe6
34. Re2 Qd1+ 35. Re1 Qh5 36. Qxh5 gxh5 37. h4 Rb8 38. Re5 c5 39. Rxh5 a5 40.
Rd5 a4 41. Rd7 a3 42. bxa3 Rb3 43. Be5 Kf8 44. Ra7 f6 45. Bg3 Rc3 46. Ra4 Nd4
47. Bb8 Nc2 48. Ba7 Rxa3 1/2-1/2

[Event "25th Southern California Championship"]
[Site "Monterey Park, CA"]
[Date "2013.06.23"]
[Round "7"]
[White "Landaw, Julian W"]
[Black "Aldama Degurnay, Dionisio"]
[Result "1-0"]
[WhiteElo "2370"]
[BlackElo "2566"]
[PlyCount "65"]
[EventDate "2013.06.??"]
[EventType "tourn"]
[EventRounds "7"]
[EventCountry "USA"]
[EventCategory "7"]

1. e4 c5 2. Nc3 e6 3. g3 d5 4. Bg2 Nf6 5. e5 Nfd7 6. f4 g5 7. Nf3 gxf4 8. gxf4
Rg8 9. O-O Nc6 10. d3 h6 11. Kh1 b6 12. f5 Bb7 13. fxe6 fxe6 14. Nd4 Qh4 15.
Rf4 Qxf4 16. Bxf4 Nxd4 17. Qh5+ Kd8 18. Rf1 Be7 19. Qxh6 a6 20. Bg3 Kc7 21. Rf7
Rxg3 22. hxg3 Re8 23. Qf4 Kd8 24. Bh3 Rh8 25. Kg2 Nxc2 26. Bxe6 d4+ 27. Ne4
Ne1+ 28. Kg1 Nxd3 29. Rxe7 N7xe5 30. Qf6 Rh1+ 31. Kxh1 Bxe4+ 32. Kg1 Nf3+ 33.
Kf1 {Black Resigns.} 1-0

[Event "25th Southern California Championship"]
[Site "Monterey Park, CA"]
[Date "2013.06.23"]
[Round "7"]
[White "Bryant, John Daniel"]
[Black "Khachiyan, Melikset"]
[Result "1/2-1/2"]
[WhiteElo "2552"]
[BlackElo "2596"]
[PlyCount "74"]
[EventDate "2013.06.??"]
[EventType "tourn"]
[EventRounds "7"]
[EventCountry "USA"]
[EventCategory "7"]

1. Nf3 Nf6 2. g3 g6 3. b3 d5 4. Bg2 Bg7 5. Bb2 O-O 6. c4 c6 7. O-O Bg4 8. h3
Bxf3 9. Bxf3 Nbd7 10. d3 h5 11. Nd2 e6 12. Qc2 Re8 13. Rad1 h4 14. g4 e5 15.
Bg2 d4 16. e3 dxe3 17. fxe3 Bh6 18. Rfe1 Qb6 19. Nf1 Bg5 20. Bc3 a5 21. Kh1 Nc5
22. Nd2 e4 23. dxe4 Nfd7 24. Bd4 Bf6 25. Rf1 Bg7 26. Qc3 Bf8 27. Nf3 Qd8 28.
Qe1 Nxe4 29. Nxh4 Bb4 30. Rxf7 Kxf7 31. Qf1+ Kg8 32. Bxe4 Qxh4 33. Bxg6 Rf8 34.
Bf5 Rxf5 35. Qxf5 Qxh3+ 36. Kg1 Qg3+ 37. Kh1 Qh3+ 1/2-1/2

[Event "25th Southern California Championship"]
[Site "Monterey Park, CA"]
[Date "2013.06.23"]
[Round "7"]
[White "Matikozian, Andranik"]
[Black "Sevillano, Enrico"]
[Result "1/2-1/2"]
[WhiteElo "2518"]
[BlackElo "2549"]
[PlyCount "27"]
[EventDate "2013.06.??"]
[EventType "tourn"]
[EventRounds "7"]
[EventCountry "USA"]
[EventCategory "7"]

1. e4 c5 2. Nf3 Nc6 3. Nc3 e5 4. Bc4 d6 5. d3 h6 6. Nd2 Be7 7. Nf1 Nf6 8. Ne3
Be6 9. O-O O-O 10. Ncd5 Qd7 11. Nxf6+ Bxf6 12. Nd5 Bd8 13. c3 Ne7 14. Nxe7+
1/2-1/2

[Event "25th Southern California Championship"]
[Site "Monterey Park, CA"]
[Date "2013.06.23"]
[Round "7"]
[White "Yankovsky, Roman"]
[Black "Kretchetov, Alexandre"]
[Result "0-1"]
[WhiteElo "2546"]
[BlackElo "2375"]
[PlyCount "45"]
[EventDate "2013.06.??"]
[EventType "tourn"]
[EventRounds "7"]
[EventCountry "USA"]
[EventCategory "7"]

1. e4 g6 2. h4 h5 3. d4 c6 4. Nf3 d5 5. e5 Bg4 6. c4 Bxf3 7. Qxf3 e6 8. Qb3 Qb6
9. Rh3 Ne7 10. c5 Qc7 11. Qa4 Nf5 12. Rc3 Nxh4 13. b4 Be7 14. Na3 Nd7 15. b5
O-O 16. Rb1 Nf5 17. Bd2 f6 18. bxc6 bxc6 19. Ba6 Rab8 20. Rcb3 Rxb3 21. Rxb3
Nxd4 22. Rb7 Qxe5+ 23. Be3 {White Resigns.} 0-1